Les Ministres de l'Économie sous la Ve République - Statistiques

Statistiques générales
  • Ce quiz a été pris 73 fois
    28 depuis la dernière actualisation
  • Le résultat moyen est 15 sur 35
Statistiques - réponses
Mandat Parti Ministre % Correct
2017-2024 LR/LREM Bruno Le Maire
94%
2014-2016 DVG/EM Emmanuel Macron
94%
2025- RE Roland Lescure
72%
2014 PS Arnaud Montebourg
67%
2004 UMP Nicolas Sarkozy
67%
2024-2025 SE Éric Lombard
61%
1992-1993 PS Michel Sapin
61%
2016-2017 PS Michel Sapin
61%
1962-1966 CNIP/FNRI Valéry Giscard d'Estaing
61%
1969-1974 FNRI Valéry Giscard d'Estaing
61%
2007-2011 UMP Christine Lagarde
56%
1997-1999 PS Dominique Strauss-Kahn
56%
2011-2012 UMP François Baroin
56%
1976-1978 DVD Raymond Barre
56%
2000-2002 PS Laurent Fabius
50%
1984-1986 PS Pierre Bérégovoy
50%
1988-1992 PS Pierre Bérégovoy
50%
2024 RE Antoine Armand
44%
1995 UDF-PR Alain Madelin
39%
1986-1988 RPR Édouard Balladur
39%
1966-1968 UNR-UDT/UNR Michel Debré
39%
1959-1960 CNIP Antoine Pinay
28%
2002-2004 DVD Francis Mer
28%
1981-1984 PS Jacques Delors
28%
2007 UMP Jean-Louis Borloo
28%
1999-2000 PS Christian Sautter
22%
1968 UDR Maurice Couve de Murville
22%
2005-2007 UMP Thierry Breton
22%
1993-1995 UDF-CDS Edmond Alphandéry
17%
2004-2005 UMP Hervé Gaymard
17%
1978-1981 UDF-CDS René Monory
17%
1968-1969 UDR François-Xavier Ortoli
11%
1995-1997 UDF-CDS/UDF-FD Jean Arthuis
11%
1960-1962 DVD Wilfrid Baumgartner
11%
1974-1976 FNRI Jean-Pierre Fourcade
6%
Aucun quiz correspondant
Distribution des résultats
% des personnes avec chaque résultat
Percentile par nombre de réponses
Votre historique - résultats
Vous n’avez pas pris ce quiz depuis la dernière actualisation